| 000 | 01121cam a22002174a 4500 | ||
|---|---|---|---|
| 005 | 20250605163924.0 | ||
| 008 | 250528s ||||||||||||||||||||||||d | ||
| 035 | _a14486 | ||
| 020 | _a335197655 | ||
| 040 |
_aGR-AtMCL _bgre _dGR-AtMCL _eAACR2 |
||
| 245 | 1 | _aPsychology and Health Promotion | |
| 250 | _a1st | ||
| 260 |
_bOpen University Press, _c1997 |
||
| 300 | _a186 | ||
| 520 | _aThe first book to set out in clear and authoritative terms the role of psychological theory in health promotion. Series Editors' Forward, Introduction: Why Psychology?, Mediators of Health and Health Behaviors, Psychosocial Mediators of Health, Cognitive Mediators of Health-Related Behaviors, Facilitating Individual Change, Influencing Health Behavior: Individual Change, Individually Targeted Interventions, Facilitating Population Change, Environmental and Public Policy Approaches, Attitude and Communication Theories, Population Based Intervention, What Next?, Some Final Considerations, References, Index. | ||
| 700 | 1 |
_aBenett Paul _9177 |
|
| 700 | 1 |
_aMurphy Simon _9178 |
|
| 942 | _cBK | ||
| 999 |
_c115 _d115 |
||